Tvorba dochádzkového systému na báze mobilných zariadení bakalárska práca

Saved in:
Bibliographic Details
Main Author: Galko, Radoslav
Corporate Author: Fakulta hospodárskej informatiky EU. Katedra aplikovanej informatiky
Other Authors: Kultan, Jaroslav, 1960-
Format: Book
Language:Slovak
Published: Bratislava 2015
Tags: Add Tag
No Tags, Be the first to tag this record!

MARC

LEADER 00000nbm a2200000 4500
001 0206575
005 20161212114913.4
041 0 |a slo 
044 |a SK 
245 1 0 |a Tvorba dochádzkového systému na báze mobilných zariadení  |b bakalárska práca  |c Radoslav Galko ; školiteľ: Jaroslav Kultan 
264 1 |a Bratislava  |c 2015 
300 |a 52 s. 
100 1 |a Galko, Radoslav 
700 1 |a Kultan, Jaroslav, 1960- 
710 2 |a Fakulta hospodárskej informatiky EU. Katedra aplikovanej informatiky